Online
Catalog

Los puentes : (Record no. 5995)

MARC details
000 -CABECERA
campo de control de longitud fija 00545nam a2200181 a 4500
001 - NÚMERO DE CONTROL
campo de control 000006200
005 - FECHA Y HORA DE LA ÚLTIMA TRANSACCIÓN
campo de control 20200929151954.0
008 - DATOS DE LONGITUD FIJA--INFORMACIÓN GENERAL
campo de control de longitud fija 740319s1989 cu 001 p spa
040 ## - FUENTE DE LA CATALOGACIÓN
Centro catalogador/agencia de origen DO-SdBNP
Lengua de catalogación spa
Centro/agencia transcriptor BNPHU
082 ## - NÚMERO DE LA CLASIFICACIÓN DECIMAL DEWEY
Número de clasificación Cu861.44
Número de documento/Ítem J32p
100 1# - ENTRADA PRINCIPAL--NOMBRE DE PERSONA
Nombre de persona Jamís, Fayad.
9 (RLIN) 17356
245 14 - MENCIÓN DE TÍTULO
Título Los puentes :
Resto del título contemporáneos /
Mención de responsabilidad, etc. Fayad Jamís; edición, Luis Marré.
260 ## - PUBLICACIÓN, DISTRIBUCIÓN, ETC.
Lugar de publicación, distribución, etc. La Habana :
Nombre del editor, distribuidor, etc. Unión,
Fecha de publicación, distribución, etc. 1989.
300 ## - DESCRIPCIÓN FÍSICA
Extensión 95 p. ;
Dimensiones 21 cm.
650 #4 - PUNTO DE ACCESO ADICIONAL DE MATERIA--TÉRMINO DE MATERIA
Término de materia o nombre geográfico como elemento de entrada Poesía cubana
9 (RLIN) 5226
650 #4 - PUNTO DE ACCESO ADICIONAL DE MATERIA--TÉRMINO DE MATERIA
Término de materia o nombre geográfico como elemento de entrada Literatura cubana
9 (RLIN) 1483
700 1# - PUNTO DE ACCESO ADICIONAL--NOMBRE DE PERSONA
Nombre de persona Marré, Luis,
Término indicativo de función/relación ed.
9 (RLIN) 17357
Holdings
Estado de retiro Estado de pérdida Restricciones de uso No para préstamo Código de colección Localización permanente Ubicación/localización actual Ubicación en estantería Fecha de adquisición Número de inventario Total de préstamos Signatura topográfica completa Código de barras Fecha visto por última vez Precio válido a partir de Tipo de ítem Koha Número de copia
      Excluido de préstamo Monografías: Libros y Folletos General General Depósito 26.08.2009 LF1   Cu861.44 J32p 6200-10 25.06.2020 25.06.2020 No se presta  
  Extraviado   Excluido de préstamo Monografías: Libros y Folletos Patrimonio Dominicano Patrimonio Dominicano Extraviado 06.04.2017 LF1   Cu861.44 J32p 6200-20 25.06.2020 25.06.2020 No se presta e. 2

Powered by Koha